000 00507nam a2200193 a 4500
001 1765171463891
003 ACL
005 20251208105917.0
008 251208s1990##################000#0#eng##
020 _a8121100402
082 0 4 _a630.96897
_bMAH
100 1 _aDevi, H. Maheswari,
_eauthor.
245 1 0 _aRecent Advances in Developmental Morphology of Crop Plants :
260 _bMahendra Pal Singh,
_c1990.
300 _a405 pages
650 0 _aCrops.
942 _cENGLISH
040 _aACL
_beng
_cACL
999 _c601571
_d601571